Food for health. (Record no. 213218)

MARC details
000 -LEADER
fixed length control field 00387nam a2200157Ia 4500
008 - FIXED-LENGTH DATA ELEMENTS--GENERAL INFORMATION
fixed length control field 210719s1996 xx 000 0 und d
041 ## - LANGUAGE CODE
Language code of text/sound track or separate title eng
082 ## - DEWEY DECIMAL CLASSIFICATION NUMBER
Classification number 615.535 DEWF
100 ## - MAIN ENTRY--PERSONAL NAME
Personal name DEWAN (A P)
245 ## - TITLE STATEMENT
Title Food for health.
260 ## - PUBLICATION, DISTRIBUTION, ETC.
Place of publication, distribution, etc. Delhi
Name of publisher, distributor, etc. A C Specialist publishers pvt ltd
Date of publication, distribution, etc. 1996
300 ## - PHYSICAL DESCRIPTION
Extent 264
Other physical details PB
365 ## - TRADE PRICE
Price amount 60
Currency code Rs
650 ## - SUBJECT ADDED ENTRY--TOPICAL TERM
Topical term or geographic name entry element Pharmacology
906 ## - LOCAL DATA ELEMENT F, LDF (RLIN)
a Food health
Holdings
Withdrawn status Lost status Damaged status Not for loan Collection code Home library Current library Date acquired Cost, normal purchase price Total Checkouts Full call number Barcode Date last seen Price effective from Koha item type
          St Aloysius Library St Aloysius Library 12/06/1996 60.00   615.535 DEWF D01317 07/19/2021 07/19/2021 Donated Books